000 00532pab a2200181 454500
008 180718b2009 xxu||||| |||| 00| 0 eng d
100 _aO'Connell, Lenahan
245 _aTransportation commissions as accountability structures; a review of their statutory roles and other attributes
260 _c2009
300 _ap.409-24.
362 _aJul
650 _aTransport
700 _aHackbart, Merl
700 _aYusuf, Juita-Elena (Wie)
773 _aAmerican Review of Public Administration
908 _aN
909 _a83134
999 _c83134
_d83134